|
|
|
|
| LEADER |
01250nam a2200301 a 4500 |
| 001 |
0017167 |
| 003 |
BD-DhAAL |
| 008 |
100107s1987 nyu b 001 0 eng d |
| 010 |
|
|
|a \\\86042975
|
| 020 |
|
|
|a 0394559568 :
|c $22.95
|
| 020 |
|
|
|a 0394751736 (pbk.) :
|c $12.95
|
| 040 |
|
|
|a DLC
|c DLC
|d DLC
|d BD-DhAAL
|
| 082 |
0 |
0 |
|a 327.73
|2 19
|
| 100 |
1 |
|
|a Chomsky, Noam.
|
| 240 |
1 |
0 |
|a Selections.
|f 1987
|
| 245 |
1 |
4 |
|a The Chomsky reader /
|c Noam Chomsky ; edited by James Peck.
|
| 250 |
|
|
|a 1st ed.
|
| 260 |
|
|
|a New York :
|b Pantheon Books,
|c 1987.
|
| 300 |
|
|
|a xix, 492 p. ;
|c 24 cm
|
| 504 |
|
|
|a Includes bibliographical references (p. [409]-479) and index.
|
| 526 |
|
|
|a ENH
|x Prof. Syed Manzoorul Islam
Faculty Member of BRAC University
|
| 541 |
1 |
|
|e 00017167
|a Friends' Book Corner
|
| 651 |
|
0 |
|a United States
|x Foreign relations
|y 1945-1989.
|
| 700 |
1 |
|
|a Peck, James,
|d 1944-
|9 58315
|
| 852 |
4 |
|
|a Ayesha Abed Library
|c General Stacks
|
| 942 |
|
|
|2 ddc
|c BK
|
| 999 |
|
|
|c 6810
|d 6810
|
| 952 |
|
|
|0 0
|1 0
|2 ddc
|4 0
|6 327_730000000000000_CHO_1987
|7 0
|9 7005
|a BRACUL
|b BRACUL
|c GEN
|d 2010-01-10
|e Friends' Book Corner
|f 960.00
|l 8
|m 51
|o 327.73 CHO
|p 3010017167
|r 2021-11-03
|s 2020-01-21
|t 1
|w 2010-01-10
|y BK
|x Requisitioned by Prof. Syed Manzoorul Islam (Faculty Member of BRAC University).
|